[Event "I Open"]
[Site "Senigallia ITA"]
[Date "1996.05.26"]
[Round "9"]
[White "Zappi, Adriano"]
[Black "Fucito, Giovanni"]
[Result "1-0"]
[WhiteElo "1570"]
[BlackElo "1512"]
[PlyCount "117"]
[EventDate "1996.05.19"]

1.Nf3 c5 2.g3 Nf6 3.Bg2 e6 4.d3 d5 5.Nbd2 Bd6 6.O-O O-O 7.e4 dxe4 8.dxe4 
Nc6 9.Re1 e5 10.Nf1 h6 11.h3 Be6 12.Nh4 Qb6 13.b3 Rfd8 14.c3 c4 15.Rb1 Bc5
16.Qc2 cxb3 17.axb3 Rd7 18.Be3 Bxe3 19.Nxe3 Rad8 20.b4 Rd2 21.Qc1 Ne7 22.
Nf3 Ra2 23.Ra1 Nxe4 24.Rxa2 Bxa2 25.Nxe5 Ng5 26.N3c4 Qf6 27.Ng4 Qa6 28.
Rxe7 Bxc4 29.Re1 Ne6 30.Ne3 Bb3 31.Nf5 Qa2 32.Qa1 Qd2 33.Bxb7 Qg5 34.Ne3 
Rd2 35.Bg2 h5 36.Qxa7 Qf6 37.Qa8+ Kh7 38.Qe4+ g6 39.Qf3 Qg7 40.h4 Kh8 41.
Rc1 Kg8 42.Bf1 Rd8 43.Bc4 Ba4 44.Bxe6 fxe6 45.c4 Qb2 46.Rf1 Qxb4 47.Qf6 
Rf8 48.Qxg6+ Kh8 49.Qxh5+ Kg8 50.Qg6+ Kh8 51.Qxe6 Qb7 52.Qh6+ Kg8 53.Qg5+ 
Kh8 54.Qh5+ Kg8 55.Qd5+ Qxd5 56.cxd5 Rd8 57.Ra1 Bb3 58.Rb1 Bxd5 59.Rd1 1-0

[Event "Festival"]
[Site "Telese Terme ITA"]
[Date "1996.06.??"]
[Round "?"]
[White "De Santis, Alessio"]
[Black "Castrogiovanni, Carlo"]
[Result "1-0"]
[WhiteElo "2305"]
[BlackElo "2100"]
[PlyCount "69"]
[EventDate "1996.06.23"]

1. d4 Nf6 2. Nf3 c5 3. e3 e6 4. Bd3 d5 5. c3 Nc6 6. Nbd2 Bd6 7. O-O O-O 8. dxc5
Bxc5 9. e4 Qc7 10. Qe2 Re8 11. e5 Nd7 12. Re1 f6 13. Nb3 Ncxe5 14. Bf4 Bd6 15.
Nxe5 fxe5 16. Bxh7+ Kf8 17. Bg5 Be7 18. Qf3+ Bf6 19. Bg6 Rd8 20. h4 Ke7 21. Qg3
Bxg5 22. Qxg5+ Kf8 23. h5 Kg8 24. Re3 Nf8 25. Rxe5 Bd7 26. Rae1 Be8 27. Nd4 Bf7
28. Bxf7+ Qxf7 29. Nxe6 Nxe6 30. Rxe6 Rf8 31. f3 Qf5 32. Qxf5 Rxf5 33. R6e5
Raf8 34. Rxf5 Rxf5 35. Re7 1-0

[Event "Festival"]
[Site "Telese Terme ITA"]
[Date "1996.06.??"]
[Round "?"]
[White "Gagliardi, Pietro"]
[Black "Martorelli, Antonio"]
[Result "1-0"]
[WhiteElo "2165"]
[BlackElo "2305"]
[PlyCount "47"]
[EventDate "1996.06.23"]

1. e4 c5 2. Nf3 e6 3. d4 cxd4 4. Nxd4 a6 5. Bd3 Nf6 6. O-O d6 7. c4 Be7 8. Nc3
O-O 9. Kh1 Nc6 10. Nxc6 bxc6 11. f4 Rb8 12. b3 Re8 13. e5 dxe5 14. fxe5 Ng4 15.
Bxh7+ Kxh7 16. Qxg4 f5 17. Qh5+ Kg8 18. Rf3 Bb7 19. Rh3 Qd4 20. Bb2 c5 21. Qh7+
Kf7 22. Rg3 Qxe5 23. Qg6+ Kg8 24. Na4 1-0

[Event "XIV Festival Isola d'Elba A"]
[Site "Capoliveri ITA"]
[Date "1996.05.??"]
[Round "?"]
[White "Aleksic, Nenad"]
[Black "Colombo, Paolo"]
[Result "1-0"]
[WhiteElo "2420"]
[BlackElo "2170"]
[PlyCount "47"]
[EventDate "1996.05.11"]

1. e4 e6 2. Nf3 d5 3. Nc3 Nf6 4. e5 Nfd7 5. d4 c6 6. Bd3 b6 7. Ne2 Be7 8. c3
Ba6 9. Bxa6 Nxa6 10. Nf4 Qc7 11. Be3 Qb7 12. O-O Rc8 13. Ne1 c5 14. Qg4 g6 15.
h4 Nf8 16. a3 Nb8 17. Nf3 Nc6 18. b4 c4 19. Nh3 Qd7 20. Bh6 Kd8 21. Qf4 Qe8 22.
Nhg5 Bxg5 23. Nxg5 f5 24. exf6 1-0

[Event "XIV Festival Isola d'Elba A"]
[Site "Capoliveri ITA"]
[Date "1996.05.??"]
[Round "?"]
[White "Calandri, Fausto"]
[Black "Aleksic, Nenad"]
[Result "1-0"]
[WhiteElo "2100"]
[BlackElo "2420"]
[PlyCount "81"]
[EventDate "1996.05.11"]

1. e4 c5 2. c3 b6 3. d4 Bb7 4. Bd3 e6 5. Nf3 Nf6 6. Qe2 Be7 7. O-O O-O 8. a3 d6
9. Rd1 Qc7 10. Nbd2 Nbd7 11. Nf1 Rfd8 12. Ng3 Nf8 13. b4 Rac8 14. Bd2 Ng6 15.
Rac1 Qb8 16. Re1 Rd7 17. h4 Nf8 18. h5 Rdd8 19. h6 g6 20. Nh2 N8d7 21. Rb1 Qc7
22. f4 cxd4 23. cxd4 Bf8 24. f5 exf5 25. exf5 Re8 26. Qf2 d5 27. Rbc1 Qb8 28.
Rxc8 Qxc8 29. Rxe8 Qxe8 30. Qe2 Ne4 31. Ng4 Qe7 32. Nxe4 dxe4 33. Bb5 Nb8 34.
fxg6 hxg6 35. Qf2 f5 36. Ne5 Kh7 37. Qg3 Qd6 38. Bf4 Qf6 39. Be8 Bxh6 40. Bxg6+
Kg7 41. Bf7+ 1-0

[Event "XIV Festival Isola d'Elba A"]
[Site "Capoliveri ITA"]
[Date "1996.05.??"]
[Round "?"]
[White "Mantovani, Renzo"]
[Black "Efimov, Igor"]
[Result "1/2-1/2"]
[WhiteElo "2365"]
[BlackElo "2455"]
[PlyCount "117"]
[EventDate "1996.05.11"]

1. e4 c5 2. Nf3 e6 3. d4 cxd4 4. Nxd4 a6 5. Nc3 Qc7 6. g3 d6 7. Bg2 Nf6 8. O-O
Be7 9. Re1 O-O 10. a4 Nc6 11. h3 Bd7 12. Nxc6 Bxc6 13. a5 Rae8 14. Bg5 Qb8 15.
h4 Bd8 16. Qe2 Bc7 17. h5 h6 18. Bxf6 gxf6 19. Qg4+ Kh7 20. Nd5 Bd8 21. Ne3 Rg8
22. Qe2 Rg5 23. b4 Reg8 24. Rad1 b6 25. Qd3 Kh8 26. axb6 Qxb6 27. Nc4 Qxb4 28.
Nxd6 Kg7 29. Qxa6 Qc5 30. Qc4 Bb6 31. Qxc5 Bxc5 32. Kf1 Rxh5 33. c4 Bxd6 34.
Rxd6 Rc5 35. Kg1 Rxc4 36. e5 Bxg2 37. exf6+ Kxf6 38. Kxg2 h5 39. Re3 h4 40. Rd7
Rf4 41. Rd2 Rf5 42. Ra2 Rg4 43. Kh3 hxg3 44. Rxg3 Rb4 45. Kg2 e5 46. Ra6+ Ke7
47. Ra7+ Ke6 48. Ra6+ Kd5 49. Ra5+ Kd4 50. Rg4+ Kc3 51. Ra3+ Kb2 52. Rxb4+ Kxa3
53. Rb5 Ka4 54. Rb7 Rf4 55. Kf1 f5 56. Ke2 Rb4 57. Re7 Re4+ 58. Kd3 Kb4 59. f4
1/2-1/2

[Event "Open"]
[Site "Palermo ITA"]
[Date "1996.04.??"]
[Round "?"]
[White "Ljubisavljevic, Zivojin Z."]
[Black "Militello, Vincenzo"]
[Result "1-0"]
[WhiteElo "2270"]
[BlackElo "1881"]
[PlyCount "63"]
[EventDate "1996.04.25"]

1. d4 Nf6 2. c4 e6 3. Nf3 Bb4+ 4. Bd2 Bxd2+ 5. Nbxd2 c5 6. dxc5 Na6 7. a3 Nxc5
8. b4 Nce4 9. e3 b6 10. Nxe4 Nxe4 11. Qd4 Qf6 12. Bd3 Qxd4 13. Nxd4 Bb7 14. f3
Nf6 15. Ke2 Rc8 16. Nb5 Ke7 17. Nxa7 Ra8 18. Nb5 Rhc8 19. e4 d5 20. cxd5 exd5
21. e5 Nh5 22. g3 Ra4 23. Nd6 Rc7 24. Rhc1 Rd7 25. Bb5 Ba6 26. Bxa6 Rxa6 27.
Rc6 f6 28. Nc8+ Kd8 29. e6 Rc7 30. Rxc7 Kxc7 31. e7 Kd7 32. Rd1 1-0

[Event "Open"]
[Site "Palermo ITA"]
[Date "1996.04.??"]
[Round "?"]
[White "Militello, Vincenzo"]
[Black "Inglese, Guido"]
[Result "1-0"]
[WhiteElo "1881"]
[BlackElo "1561"]
[PlyCount "95"]
[EventDate "1996.04.25"]

1. c4 c5 2. Nf3 Nc6 3. d4 cxd4 4. Nxd4 e5 5. Nb5 d6 6. e4 a6 7. N5c3 Nf6 8. Bg5
Be7 9. Bxf6 Bxf6 10. Be2 Nd4 11. O-O Be6 12. Nd2 O-O 13. Bg4 Qc7 14. Nd5 Bxd5
15. cxd5 b5 16. a3 Bg5 17. Rc1 Qa5 18. Rc3 Bxd2 19. Qxd2 f5 20. Bxf5 Nxf5 21.
exf5 Rac8 22. g4 Rc4 23. h3 Rd4 24. Qc2 Qd8 25. Rc6 a5 26. Qb3 b4 27. Rfc1 Qd7
28. a4 h5 29. Rc7 Qd8 30. Qg3 hxg4 31. hxg4 Qg5 32. R1c4 Rd1+ 33. Kg2 Qh6 34.
Qh2 Qd2 35. Rc2 Qxd5+ 36. Kg3 Qe4 37. R2c4 Rd3+ 38. Kh4 Qf3 39. Kg5 Qh3 40.
Qxh3 Rxh3 41. Ra7 Rh7 42. Rxa5 Rh2 43. Rxb4 Rxf2 44. Rb7 e4 45. Raa7 Rc8 46.
Rxg7+ Kf8 47. Raf7+ Ke8 48. Kg6 1-0

[Event "XI Festival Magistrale"]
[Site "Celle Ligure ITA"]
[Date "1996.03.??"]
[Round "1"]
[White "Cazzaniga, Walter"]
[Black "Zlochevskij, Alexander"]
[Result "1/2-1/2"]
[WhiteElo "2190"]
[BlackElo "2405"]
[PlyCount "82"]
[EventDate "1996.03.30"]

1. d4 e6 2. c4 Bb4+ 3. Bd2 a5 4. Nf3 d5 5. a3 Be7 6. Nc3 Nf6 7. Bg5 O-O 8. e3
Nbd7 9. Bd3 h6 10. Bh4 b6 11. cxd5 exd5 12. O-O Bb7 13. Qc2 Re8 14. Rac1 c5 15.
Rfd1 c4 16. Bf5 Nf8 17. Ne5 N6d7 18. Bg3 Nf6 19. Qa4 Ne6 20. Nc6 Qd7 21. Nxe7+
Rxe7 22. Qxd7 Rxd7 23. f3 Bc6 24. Be5 b5 25. Bxf6 gxf6 26. e4 Rb8 27. Rd2 Rdd8
28. exd5 Bxd5 29. Ne2 Rb6 30. Be4 Rbd6 31. Bxd5 Rxd5 32. a4 Nc5 33. Nc3 Nb3 34.
Nxd5 Rxd5 35. Rcd1 Nxd2 36. Rxd2 bxa4 37. Kf2 a3 38. bxa3 c3 39. Rc2 Rxd4 40.
Rxc3 Rd2+ 41. Kg3 Ra2 1/2-1/2

[Event "XI Festival Magistrale"]
[Site "Celle Ligure ITA"]
[Date "1996.03.??"]
[Round "1"]
[White "Cordara, Michele"]
[Black "Sulava, Nenad"]
[Result "0-1"]
[WhiteElo "2200"]
[BlackElo "2480"]
[PlyCount "20"]
[EventDate "1996.03.30"]

1. e4 c5 2. c4 e6 3. Nc3 Nc6 4. Nf3 Nf6 5. e5 Ng4 6. Qe2 Qc7 7. Nb5 Qb8 8. d4
cxd4 9. Bf4 Bb4+ 10. Kd1 d3 0-1

[Event "XI Festival Magistrale"]
[Site "Celle Ligure ITA"]
[Date "1996.03.??"]
[Round "1"]
[White "Efimov, Igor"]
[Black "Egartner, Wolfgang"]
[Result "1-0"]
[WhiteElo "2455"]
[BlackElo "2195"]
[PlyCount "47"]
[EventDate "1996.03.30"]

1. d4 Nf6 2. Nf3 e6 3. c4 b6 4. Nc3 Bb7 5. Bg5 Be7 6. Qc2 d5 7. e3 O-O 8. cxd5
exd5 9. Bd3 h6 10. Bxf6 Bxf6 11. O-O-O Nc6 12. a3 Ne7 13. g4 c5 14. h4 g6 15.
g5 hxg5 16. hxg5 Bg7 17. Ne5 cxd4 18. exd4 Bc8 19. f4 Bf5 20. Qh2 Re8 21. Bxf5
Nxf5 22. Rd3 Rc8 23. Kb1 Qd6 24. Nb5 1-0

[Event "XI Festival Magistrale"]
[Site "Celle Ligure ITA"]
[Date "1996.03.??"]
[Round "1"]
[White "Escofet, Jaime"]
[Black "Di Paolo, Raffaele"]
[Result "0-1"]
[WhiteElo "2215"]
[BlackElo "2275"]
[PlyCount "64"]
[EventDate "1996.03.30"]

1. c4 e5 2. g3 Nc6 3. Bg2 Nf6 4. e4 Bc5 5. Ne2 d6 6. O-O h5 7. d3 h4 8. Bg5
hxg3 9. hxg3 Bg4 10. Qd2 Qd7 11. Nbc3 Bh3 12. Bh4 Rh5 13. Nd5 Nxd5 14. exd5 Nd4
15. Nxd4 Bxd4 16. Qe2 Rh8 17. Qe4 Bf5 18. Qe2 f6 19. Be4 g5 20. Qf3 Bxe4 21.
Qxf6 Rxh4 22. dxe4 Rh5 23. Kg2 Qf7 24. Qxf7+ Kxf7 25. Rh1 Rah8 26. Rxh5 Rxh5
27. Rc1 g4 28. b4 b6 29. a4 Rh6 30. a5 Rf6 31. Rc2 bxa5 32. bxa5 a6 0-1

[Event "XI Festival Magistrale"]
[Site "Celle Ligure ITA"]
[Date "1996.03.??"]
[Round "1"]
[White "Giuriati, Paolo"]
[Black "Corvi, Marco"]
[Result "0-1"]
[WhiteElo "2119"]
[BlackElo "2215"]
[PlyCount "60"]
[EventDate "1996.03.30"]

1. d4 f5 2. Nf3 Nf6 3. g3 e6 4. Bg2 d5 5. O-O Bd6 6. c4 c6 7. Nc3 O-O 8. Bf4
Bxf4 9. gxf4 Nbd7 10. Ne5 Nxe5 11. fxe5 Ne4 12. f3 Nxc3 13. bxc3 f4 14. e4 dxc4
15. Qe2 b5 16. Rfd1 Bb7 17. Kh1 Qh4 18. Rab1 Qh5 19. Bf1 Rad8 20. Qf2 Rd7 21.
Be2 a6 22. Rg1 c5 23. Rg4 Qxg4 24. fxg4 Bxe4+ 25. Bf3 Bxb1 26. dxc5 Rd3 27. c6
Rxc3 28. Qc5 Rxf3 29. Qxf8+ Kxf8 30. c7 Rf1+ 0-1

[Event "XI Festival Magistrale"]
[Site "Celle Ligure ITA"]
[Date "1996.03.??"]
[Round "1"]
[White "Malakhov, Vladimir"]
[Black "D'Apa, Stefano"]
[Result "1-0"]
[WhiteElo "2535"]
[BlackElo "2210"]
[PlyCount "43"]
[EventDate "1996.03.30"]

1. e4 e6 2. d4 d5 3. Nd2 c5 4. exd5 exd5 5. Bb5+ Nc6 6. Ne2 Bd6 7. dxc5 Bxc5 8.
Nb3 Bb6 9. O-O Nge7 10. Ned4 h6 11. Bxc6+ bxc6 12. Re1 O-O 13. Qe2 Nf5 14. Nxc6
Qf6 15. Ne5 Nd6 16. Qf3 Bf5 17. Be3 Qxe5 18. Bxb6 Be4 19. Bc5 Rfd8 20. Qd1 Qxb2
21. Bxd6 Bxc2 22. Qd4 1-0

[Event "XI Festival Magistrale"]
[Site "Celle Ligure ITA"]
[Date "1996.03.??"]
[Round "1"]
[White "Marinescu, Marian"]
[Black "Ayza Ballester, Jordi"]
[Result "0-1"]
[WhiteElo "2140"]
[BlackElo "2310"]
[PlyCount "46"]
[EventDate "1996.03.30"]

1. e4 c5 2. Nf3 e6 3. d3 g6 4. g3 Bg7 5. Bg2 Ne7 6. O-O Nbc6 7. Re1 d6 8. c3 e5
9. Na3 O-O 10. Be3 f5 11. Qd2 Kh8 12. Ng5 Ng8 13. exf5 gxf5 14. Bd5 f4 15. gxf4
Qf6 16. Kh1 exf4 17. Bxf4 h6 18. Nf7+ Rxf7 19. Bxf7 Qxf7 20. Nc4 Qd5+ 21. Kg1
Bh3 22. Ne3 Qf7 23. Bxd6 Be5 0-1

[Event "XI Festival Magistrale"]
[Site "Celle Ligure ITA"]
[Date "1996.03.??"]
[Round "1"]
[White "Mollero, Michele"]
[Black "Collareta, Giovanni"]
[Result "1/2-1/2"]
[WhiteElo "1969"]
[BlackElo "2250"]
[PlyCount "30"]
[EventDate "1996.03.30"]

1. d4 d5 2. c4 c6 3. Nf3 Nf6 4. cxd5 cxd5 5. Nc3 Nc6 6. Bf4 e6 7. e3 Be7 8. Bd3
O-O 9. O-O Nh5 10. Be5 f5 11. Rc1 Bd7 12. a3 Nf6 13. Bg3 Nh5 14. Be5 Nf6 15.
Bg3 Nh5 1/2-1/2

[Event "XI Festival Magistrale"]
[Site "Celle Ligure ITA"]
[Date "1996.03.??"]
[Round "1"]
[White "Naumkin, Igor"]
[Black "Cirabisi, Federico"]
[Result "1-0"]
[WhiteElo "2480"]
[BlackElo "2205"]
[PlyCount "73"]
[EventDate "1996.03.30"]

1. d4 d5 2. c4 e5 3. dxe5 d4 4. Nf3 Nc6 5. g3 Be6 6. Nbd2 Qd7 7. Bg2 h5 8. h4
Nh6 9. O-O Ng4 10. Qb3 O-O-O 11. Rd1 f5 12. exf6 gxf6 13. Ne4 Qf7 14. Bf4 Rg8
15. Rac1 Qg6 16. Nfd2 Be7 17. Qb5 a6 18. Qa4 Nge5 19. Nb3 d3 20. Nbc5 Bg4 21.
Rxd3 Nxd3 22. exd3 Nd4 23. Nxb7 Ne2+ 24. Kh2 Nxf4 25. Qxa6 Kd7 26. gxf4 Ke8 27.
Nxd8 Bc8 28. Qc6+ Bd7 29. Nxf6+ Bxf6 30. Re1+ Be7 31. Qxg6+ Rxg6 32. Nb7 Kf8
33. Re5 Bxh4 34. Nc5 Bc8 35. Rxh5 Bf6 36. f5 Be5+ 37. Kh3 1-0

[Event "XI Festival Magistrale"]
[Site "Celle Ligure ITA"]
[Date "1996.03.??"]
[Round "1"]
[White "Nurkic, Sahbaz"]
[Black "Hitzgerova, Gabriela"]
[Result "1-0"]
[WhiteElo "2365"]
[BlackElo "2155"]
[PlyCount "109"]
[EventDate "1996.03.30"]

1. e4 c5 2. c3 d5 3. exd5 Qxd5 4. d4 Nc6 5. Nf3 Bg4 6. Be2 cxd4 7. cxd4 e6 8.
Nc3 Qd6 9. O-O Nf6 10. h3 Bh5 11. Bg5 Be7 12. Bxf6 Bxf6 13. d5 exd5 14. Nb5 Qd8
15. Qxd5 Qxd5 16. Nc7+ Kf8 17. Nxd5 Re8 18. Nxf6 gxf6 19. Bd1 Kg7 20. Nh4 Bxd1
21. Rfxd1 Re2 22. b4 Re4 23. b5 Rxh4 24. bxc6 bxc6 25. Rd7 Ra4 26. Rc7 Ra6 27.
Re1 Rxa2 28. Ree7 Rg8 29. Rxc6 a5 30. Ra6 Kg6 31. Re3 Rd8 32. Rf3 Rd7 33.
Rfxf6+ Kg7 34. Rf4 Rb7 35. Kh2 Ra1 36. h4 Rd7 37. h5 Re7 38. Rg4+ Kf8 39. Ra8+
Re8 40. Rxe8+ Kxe8 41. Rg7 h6 42. Rh7 a4 43. Rxh6 a3 44. Rh8+ Ke7 45. Ra8 Kf6
46. Ra5 a2 47. g4 Kg7 48. g5 Kh7 49. Kg2 Kg7 50. Ra7 Kf8 51. f4 Kg8 52. f5 Kf8
53. h6 Kg8 54. g6 fxg6 55. fxg6 1-0

[Event "XI Festival Magistrale"]
[Site "Celle Ligure ITA"]
[Date "1996.03.??"]
[Round "1"]
[White "Sbarra, Marco"]
[Black "Astengo, Marcello"]
[Result "1-0"]
[WhiteElo "2280"]
[BlackElo "2095"]
[PlyCount "61"]
[EventDate "1996.03.30"]

1. d4 d5 2. c4 e6 3. Nc3 Nf6 4. Bg5 Be7 5. cxd5 exd5 6. e3 c6 7. Bd3 h6 8. Bf4
O-O 9. h3 Bd6 10. Bxd6 Qxd6 11. Nf3 Re8 12. Qc2 b6 13. O-O Bb7 14. Rfd1 Nbd7
15. Rac1 Rac8 16. Qb1 a6 17. b4 b5 18. Nd2 Nb6 19. e4 Nh5 20. e5 Qe7 21. Ne2 g5
22. Nf1 Nc4 23. Nfg3 Ng7 24. Nf5 Nxf5 25. Bxf5 Ra8 26. Ng3 f6 27. Bg6 Red8 28.
Nf5 Qc7 29. exf6 Bc8 30. Ne7+ Kh8 31. Bf7 1-0

[Event "XI Festival Magistrale"]
[Site "Celle Ligure ITA"]
[Date "1996.03.??"]
[Round "1"]
[White "Valenti, Giuseppe"]
[Black "Ortega, Lexy"]
[Result "0-1"]
[WhiteElo "2210"]
[BlackElo "2490"]
[PlyCount "76"]
[EventDate "1996.03.30"]

1. e4 c5 2. Nf3 d6 3. d4 cxd4 4. Nxd4 Nf6 5. Nc3 a6 6. Be2 e6 7. O-O Be7 8. f4
Qc7 9. Be3 O-O 10. Qe1 Nc6 11. Qg3 Kh8 12. Rae1 Bd7 13. a3 Rac8 14. Nxc6 Bxc6
15. Bd4 Rce8 16. Kh1 d5 17. exd5 exd5 18. Bd3 Qd7 19. Re5 h6 20. Bf5 Qd8 21.
Rfe1 Bd6 22. R5e2 Rxe2 23. Rxe2 Re8 24. Qh4 Ng8 25. Qg3 Bf8 26. Bd3 Nf6 27. Qh3
Kg8 28. Qf5 Ne4 29. Nxe4 dxe4 30. Bc4 Re7 31. c3 Qc7 32. Bb3 Bd7 33. Qg6 Qxf4
34. Kg1 Qc1+ 35. Kf2 Bb5 36. Be3 Qb1 37. Rd2 Qf1+ 38. Kg3 Qe1+ 0-1

[Event "XI Festival Magistrale"]
[Site "Celle Ligure ITA"]
[Date "1996.03.??"]
[Round "2"]
[White "Astengo, Marcello"]
[Black "Valenti, Giuseppe"]
[Result "1-0"]
[WhiteElo "2095"]
[BlackElo "2210"]
[PlyCount "83"]
[EventDate "1996.03.30"]

1. d4 Nf6 2. c4 e6 3. Nc3 Bb4 4. Bd2 b6 5. a3 Bxc3 6. Bxc3 Ne4 7. Rc1 O-O 8.
Nf3 d5 9. e3 Bb7 10. Bd3 dxc4 11. Bxc4 Nd7 12. b4 c5 13. O-O Nxc3 14. Rxc3 cxb4
15. axb4 Qe7 16. b5 Rfc8 17. Qb3 Bxf3 18. gxf3 Qg5+ 19. Kh1 Nf6 20. Rfc1 Rd8
21. Bf1 Qh4 22. Qa2 Qh5 23. Rc7 Nd5 24. Rxa7 Rab8 25. Bg2 h6 26. e4 Qg5 27. Qa3
Nf4 28. Bf1 Qh5 29. Rcc7 Rf8 30. Qd6 Qg5 31. Rcb7 Rbd8 32. Qxb6 Rc8 33. Rc7 Rb8
34. Qa5 Qh4 35. Rc2 Rbc8 36. Qd2 Qh5 37. Rc3 Rfd8 38. b6 Qg5 39. b7 Rb8 40. Rc5
Qxc5 41. dxc5 Rxd2 42. Ra8 1-0

[Event "XI Festival Magistrale"]
[Site "Celle Ligure ITA"]
[Date "1996.03.??"]
[Round "2"]
[White "Cirabisi, Federico"]
[Black "Marinescu, Marian"]
[Result "0-1"]
[WhiteElo "2205"]
[BlackElo "2140"]
[PlyCount "64"]
[EventDate "1996.03.30"]

1. d4 Nf6 2. Nf3 g6 3. Bg5 Bg7 4. Nbd2 d5 5. e3 O-O 6. Bd3 c5 7. c3 Nc6 8. h3
Nd7 9. O-O Qe8 10. e4 dxe4 11. Bxe4 cxd4 12. Bxc6 bxc6 13. Nxd4 Nc5 14. Re1 e5
15. Qf3 Ne6 16. Nxe6 Bxe6 17. Ne4 f5 18. Nc5 Bd5 19. Qe2 Qf7 20. b3 h6 21. Bc1
Qe7 22. Ba3 Qg5 23. f3 e4 24. fxe4 Rae8 25. exd5 Rxe2 26. Rxe2 Bxc3 27. Rd1 Qh5
28. Kf1 f4 29. Rd3 f3 30. Re7 fxg2+ 31. Kxg2 Qg5+ 32. Kh1 Rf1+ 0-1

[Event "XI Festival Magistrale"]
[Site "Celle Ligure ITA"]
[Date "1996.03.??"]
[Round "2"]
[White "Corvi, Marco"]
[Black "Efimov, Igor"]
[Result "0-1"]
[WhiteElo "2215"]
[BlackElo "2455"]
[PlyCount "58"]
[EventDate "1996.03.30"]

1. e4 c5 2. Nc3 e6 3. g3 d5 4. exd5 exd5 5. d4 Nf6 6. Nge2 Bg4 7. Bg2 cxd4 8.
Qxd4 Nc6 9. Qe3+ Be7 10. O-O O-O 11. Nd4 Re8 12. Nxc6 bxc6 13. Qd3 Qd7 14. Be3
Rad8 15. Bg5 h6 16. Bf4 Bf5 17. Qd1 d4 18. Na4 c5 19. b3 c4 20. Nb2 c3 21. Nd3
Bd6 22. Bxd6 Qxd6 23. b4 Ne4 24. Bxe4 Bxe4 25. Rb1 Qd5 26. Rb3 Bf3 27. Qc1 g5
28. Re1 Kg7 29. Ra3 Bh1 0-1

[Event "XI Festival Magistrale"]
[Site "Celle Ligure ITA"]
[Date "1996.03.??"]
[Round "2"]
[White "D'Apa, Stefano"]
[Black "Mollero, Michele"]
[Result "1-0"]
[WhiteElo "2210"]
[BlackElo "1969"]
[PlyCount "77"]
[EventDate "1996.03.30"]

1. e4 Nf6 2. e5 Nd5 3. d4 d6 4. Nf3 Bg4 5. Be2 e6 6. c4 Nb6 7. Nc3 Be7 8. O-O
O-O 9. Be3 d5 10. cxd5 Nxd5 11. Nxd5 Qxd5 12. Rc1 c6 13. a3 Qd8 14. Qd2 Nd7 15.
h3 Bh5 16. g4 Bg6 17. Ne1 Nb6 18. f4 Nd5 19. Ng2 Be4 20. Bf3 Bxf3 21. Rxf3 Qb6
22. Bf2 Rfd8 23. Qc2 Rac8 24. h4 Rf8 25. f5 Qd8 26. Qe4 Qd7 27. h5 Bg5 28. Rf1
Qe7 29. Ne3 Nxe3 30. Bxe3 Bxe3+ 31. Qxe3 exf5 32. gxf5 Qh4 33. Rh3 Qg4+ 34. Rg3
Qxh5 35. f6 Rfd8 36. Rxg7+ Kh8 37. Qg3 Rxd4 38. e6 Qc5 39. Rxh7+ 1-0

[Event "XI Festival Magistrale"]
[Site "Celle Ligure ITA"]
[Date "1996.03.??"]
[Round "2"]
[White "Di Paolo, Raffaele"]
[Black "Naumkin, Igor"]
[Result "1-0"]
[WhiteElo "2275"]
[BlackElo "2480"]
[PlyCount "47"]
[EventDate "1996.03.30"]

1. e4 e6 2. d3 d5 3. Nd2 c5 4. g3 Nc6 5. Bg2 g6 6. Ngf3 Bg7 7. O-O Nge7 8. Re1
b6 9. h4 h6 10. e5 g5 11. hxg5 hxg5 12. Nxg5 Nxe5 13. Ndf3 N5g6 14. d4 Bd7 15.
c4 cxd4 16. cxd5 exd5 17. Nxd4 O-O 18. Qh5 Re8 19. Bd2 Rc8 20. Bc3 Rxc3 21.
bxc3 Qc7 22. Bxd5 Nxd5 23. Rxe8+ Bxe8 24. Qh7+ 1-0

[Event "XI Festival Magistrale"]
[Site "Celle Ligure ITA"]
[Date "1996.03.??"]
[Round "2"]
[White "Egartner, Wolfgang"]
[Black "Escofet, Jaime"]
[Result "1-0"]
[WhiteElo "2195"]
[BlackElo "2215"]
[PlyCount "113"]
[EventDate "1996.03.30"]

1. c4 Nf6 2. Nf3 g6 3. g3 c5 4. Bg2 Bg7 5. O-O O-O 6. Nc3 Nc6 7. d3 d6 8. Bd2
h6 9. Rb1 a6 10. a3 Rb8 11. b4 cxb4 12. axb4 b5 13. cxb5 axb5 14. Qc1 Kh7 15.
Nxb5 Rxb5 16. Qxc6 Bd7 17. Qc4 e5 18. Rfc1 Qb8 19. Qc7 Be6 20. Ne1 d5 21. Ra1
Rb7 22. Qxb8 Rfxb8 23. d4 Ne4 24. Bxe4 dxe4 25. d5 Bxd5 26. Ra5 Be6 27. Nc2 Bc4
28. Kf1 f6 29. Ne3 Bf7 30. Rc6 Rd8 31. Bc3 Be8 32. Rca6 Bb5 33. Ra7 Rxa7 34.
Rxa7 Rc8 35. Nd5 Kh8 36. Nc7 Bc6 37. b5 Bd7 38. b6 Rb8 39. Ra8 Rxa8 40. Nxa8
Bc6 41. Nc7 Bb7 42. Ne6 Kg8 43. Nc5 Bc8 44. b7 Bxb7 45. Nxb7 Bf8 46. Ke1 Kf7
47. Kd2 Ke6 48. Kc2 Be7 49. Kb3 f5 50. Kc4 h5 51. Nc5+ Kd6 52. Nb3 Kc6 53. Bb4
Bxb4 54. Kxb4 f4 55. gxf4 e3 56. fxe3 e4 57. Kc4 1-0

[Event "XI Festival Magistrale"]
[Site "Celle Ligure ITA"]
[Date "1996.03.??"]
[Round "2"]
[White "Hitzgerova, Gabriela"]
[Black "Giuriati, Paolo"]
[Result "1/2-1/2"]
[WhiteElo "2155"]
[BlackElo "2119"]
[PlyCount "34"]
[EventDate "1996.03.30"]

1. e4 c5 2. Nf3 Nc6 3. d4 cxd4 4. Nxd4 Nf6 5. Nc3 d6 6. Be2 e5 7. Nb3 Be7 8.
O-O O-O 9. a4 Be6 10. f4 exf4 11. Bxf4 Ne5 12. a5 Rc8 13. Ra4 Nc4 14. Bc1 Qd7
15. Qd4 Ne5 16. Kh1 Nc6 17. Qf2 Ng4 1/2-1/2

[Event "XI Festival Magistrale"]
[Site "Celle Ligure ITA"]
[Date "1996.03.??"]
[Round "2"]
[White "Ortega, Lexy"]
[Black "Nurkic, Sahbaz"]
[Result "1-0"]
[WhiteElo "2490"]
[BlackElo "2365"]
[PlyCount "69"]
[EventDate "1996.03.30"]

1. d4 g6 2. c4 Bg7 3. Nc3 d6 4. Nf3 Nf6 5. g3 O-O 6. Bg2 Nc6 7. O-O e5 8. d5
Ne7 9. c5 Ne8 10. cxd6 Nxd6 11. Qb3 Nef5 12. e4 Nd4 13. Nxd4 exd4 14. Nb5 Nxb5
15. Qxb5 c6 16. dxc6 bxc6 17. Qxc6 Rb8 18. Qa4 Be6 19. Rd1 a5 20. h3 Rb4 21.
Qa3 Qd7 22. b3 d3 23. Bb2 Bxb2 24. Qxb2 Bxh3 25. Bxh3 Qxh3 26. Rxd3 Rxe4 27.
Rad1 Rfe8 28. Rd8 Qf5 29. Qc3 h5 30. R1d5 Qg4 31. Qxa5 Kh7 32. Rxe8 Rxe8 33.
Rd8 Re2 34. Qc3 Kh6 35. Qf6 1-0

[Event "XI Festival Magistrale"]
[Site "Celle Ligure ITA"]
[Date "1996.03.??"]
[Round "2"]
[White "Sulava, Nenad"]
[Black "Sbarra, Marco"]
[Result "1-0"]
[WhiteElo "2480"]
[BlackElo "2280"]
[PlyCount "53"]
[EventDate "1996.03.30"]

1. Nf3 Nf6 2. c4 e6 3. g3 b6 4. Bg2 Bb7 5. O-O c5 6. Nc3 Be7 7. Re1 O-O 8. e4
d6 9. d4 cxd4 10. Nxd4 a6 11. e5 dxe5 12. Bxb7 exd4 13. Bxa8 dxc3 14. b3 Nbd7
15. Bf3 b5 16. cxb5 axb5 17. a4 Qa5 18. Bg5 b4 19. Bxf6 Nxf6 20. Qc2 Bc5 21.
Rad1 e5 22. Qf5 Qa7 23. Rxe5 Bxf2+ 24. Kg2 Be3 25. Rd6 Ne8 26. Rd7 c2 27. Qxf7+
1-0

[Event "XI Festival Magistrale"]
[Site "Celle Ligure ITA"]
[Date "1996.03.??"]
[Round "2"]
[White "Zoldan, Matteo"]
[Black "Cordara, Michele"]
[Result "1-0"]
[WhiteElo "1972"]
[BlackElo "2200"]
[PlyCount "57"]
[EventDate "1996.03.30"]

1. c4 c5 2. Nc3 Nf6 3. e4 Nc6 4. g3 g6 5. Bg2 Bg7 6. Nge2 O-O 7. O-O Rb8 8. h3
Ne8 9. d3 a6 10. Be3 Nd4 11. Rb1 b5 12. cxb5 axb5 13. b4 Nxe2+ 14. Nxe2 cxb4
15. Rxb4 Ba6 16. Qd2 Qa5 17. Rfb1 Rc8 18. Nd4 Qc7 19. Nxb5 Bxb5 20. Rxb5 Qc2
21. Qxc2 Rxc2 22. a4 Nd6 23. Rb8 Ra2 24. Rxf8+ Kxf8 25. Rb8+ Ne8 26. Ra8 f6 27.
a5 Kf7 28. Bb6 e5 29. a6 1-0